| 000 | 00356nam a2200145Ia 4500 | ||
|---|---|---|---|
| 008 | 150201s2005 xx 000 0 und d | ||
| 082 |
_a617.63 _bN2005T |
||
| 100 | _aTOUGER,RIVA | ||
| 245 | _aNUTRITION & ORAL MEDICINE | ||
| 250 | _a1ST | ||
| 260 |
_bHUMAN PRESS PUBLICATION _aDELHI _c2005 |
||
| 300 | _a1-391 | ||
| 650 | _aORAL MEDICINE | ||
| 942 |
_2ddc _cBK |
||
| 999 |
_c3724 _d3724 |
||